000 01179nam a2200313 i 4500
003 EG-GICUC
005 20260121101229.0
008 251116s2008 ua ||||fr|||| 00| 0 ara d
020 _a9773283462
040 _a EG-GICUC
_bara
_c EG-GICUC
_d EG-GICUC
_erda
041 0 _hara
082 0 4 _221
_a345.2
_bع ص . ح
092 0 4 _221
099 _aLaw1 07 345.2 ع ص . ح 2008
100 0 _aعصام عبد الفتاح مطر
_eمؤلف.
245 1 2 _aالحكومة الإلكترونية بين النظرية والتطبيق /
_cدكـتور عصام عبد الفتاح مطر.
264 1 _aالإسكـندرية :
_bدار الجامعية الجديدة ،
_c2008.
300 _a315 صفحة ؛
_c24 سم.
336 _2rda content
_atext
337 _2rda media
_aComputer
338 _2rda carrier
_aOnline Resource
504 _aيشتمل على إرجاعات ببليوجرافية
504 _aببليوجرافيا صفحات : (307-312).
546 _aالنص باللغة العربية
650 1 _aالقانون الإداري
856 4 0 _uhttps://fll.law.cu.edu.eg/fulltext/bks/B07-00760.pdf
905 _a33
942 _2ddc
_cBK
_e21
_n0
999 _c43668
_d43668